KOHA-Header-6

Research Design Qualitative, Quantitative and Mixed Methods Approaches (Record no. 1503)

000 -LEADER
fixed length control field 00371nam a2200133Ia 4500
008 - FIXED-LENGTH DATA ELEMENTS--GENERAL INFORMATION
fixed length control field 190723s9999 xx 000 0 und d
020 ## - INTERNATIONAL STANDARD BOOK NUMBER
International Standard Book Number 978-1-4522-2610-1
100 ## - MAIN ENTRY--PERSONAL NAME
Personal name John W.Creswell
245 #0 - TITLE STATEMENT
Title Research Design Qualitative, Quantitative and Mixed Methods Approaches
250 ## - EDITION STATEMENT
Edition statement 4th
260 ## - PUBLICATION, DISTRIBUTION, ETC. (IMPRINT)
Place of publication, distribution, etc New Delhi
Name of publisher, distributor, etc Sage New Delhi
Date of publication, distribution, etc 2014
300 ## - PHYSICAL DESCRIPTION
Extent 273:P
942 ## - ADDED ENTRY ELEMENTS (KOHA)
Koha item type Books
Holdings
Withdrawn status Lost status Source of classification or shelving scheme Damaged status Not for loan Collection code Permanent Location Current Location Shelving location Date acquired Total Checkouts Full call number Barcode Date last seen Date checked out Price effective from Koha item type
          Business MAJU MAJU   2019-07-23 3 300.72 8126 2023-05-30 2023-02-11 2019-07-23 Business
          Business MAJU MAJU   2019-10-05 2 300.72 7922 2021-09-02 2021-02-03 2019-10-05 Business

Powered by Koha